PSA/1 with quantities (June 1994): general conditions of contract for building and civil engineering works. (Record no. 85873)

MARC details
000 -LEADER
fixed length control field 01054cam a2200241 4500
008 - FIXED-LENGTH DATA ELEMENTS--GENERAL INFORMATION
fixed length control field 090401t1994 xxu||||| |||| 00| 0 eng d
020 ## - INTERNATIONAL STANDARD BOOK NUMBER
International Standard Book Number 0117019747
035 ## - SYSTEM CONTROL NUMBER
System control number (Sirsi) u3365
041 ## - LANGUAGE CODE
Language code of text/sound track or separate title eng
050 ## - LIBRARY OF CONGRESS CALL NUMBER
Classification number 692.8
110 ## - MAIN ENTRY--CORPORATE NAME
Corporate name or jurisdiction name as entry element TBV Consult
9 (RLIN) 930
245 ## - TITLE STATEMENT
Title PSA/1 with quantities (June 1994): general conditions of contract for building and civil engineering works.
260 ## - PUBLICATION, DISTRIBUTION, ETC.
Place of publication, distribution, etc. London
Name of publisher, distributor, etc. HMSO
Date of publication, distribution, etc. 1994
300 ## - PHYSICAL DESCRIPTION
Extent iii,111p.
Dimensions 30cm.
350 ## - PRICE (NR) (BK AM CF MU VM SE) [OBSOLETE]
Price 25
520 ## - SUMMARY, ETC.
Summary, etc. For use in both the private and public sectors with bills of quantities, where all or most of the quantities are firm and not subject to re-measurement, giving a lump sum contract subject to adjustment for variations ordered. Developed from GC/Works/1 Edition 3.
650 ## - SUBJECT ADDED ENTRY--TOPICAL TERM
Topical term or geographic name entry element GENERAL CONDITIONS OF CONTRACT FOR BUILDING AND CIVIL ENGINEERING SINGLE STAGE DESIGN AND BUILD VERSION (THIRD EDITION)
650 ## - SUBJECT ADDED ENTRY--TOPICAL TERM
Topical term or geographic name entry element PSA/1 WITH QUANITITES 1994
690 ## - LOCAL SUBJECT ADDED ENTRY--TOPICAL TERM (OCLC, RLIN)
Topical term or geographic name as entry element BUILT ENVIRONMENT-BUILDING CONTRACT FORMS
710 ## - ADDED ENTRY--CORPORATE NAME
Corporate name or jurisdiction name as entry element Simmons and Simmons
9 (RLIN) 2028
942 ## - ADDED ENTRY ELEMENTS (KOHA)
Suppress in OPAC 0
948 ## - LOCAL PROCESSING INFORMATION (OCLC); SERIES PART DESIGNATOR (RLIN)
c (OCLC) 04/03/1997
Holdings
Withdrawn status Lost status Source of classification or shelving scheme Damaged status Not for loan Home library Current library Shelving location Date acquired Cost, normal purchase price Total Checkouts Full call number Barcode Date last seen Copy number Cost, replacement price Price effective from Koha item type
    Dewey Decimal Classification     London London Boxed set 13/10/1994 25.00   PSA 1994/1 30042763 06/08/2019 1 25.00 06/08/2019 Book